000 00460nam a22001337a 4500
040 _cNUST
082 _a200 THE
100 _aMuhammad Safwan Qureshi
_9113271
110 _aSupervisor Dr. Muhammad Umar Farooq
_9109161
245 _aTH-SOF-2160-Virtualized Network Function (VNF) based placement and chaining solution for enterprise network security
260 _aISLAMABAD:
_bNUST COLLEGE OF EME,
_c2023.
650 _aMS-CE-2019
_9113272
942 _2ddc
_cTHE
999 _c595049
_d595049